| 000 | 04437nam a22005895i 4500 | ||
|---|---|---|---|
| 001 | 978-1-4471-6687-0 | ||
| 003 | DE-He213 | ||
| 005 | 20210118152121.0 | ||
| 007 | cr nn 008mamaa | ||
| 008 | 180212s2017 xxk| s |||| 0|eng d | ||
| 020 |
_a9781447166870 _9978-1-4471-6687-0 |
||
| 024 | 7 |
_a10.1007/978-1-4471-6687-0 _2doi |
|
| 050 | 4 | _aQA76.758 | |
| 072 | 7 |
_aUMZ _2bicssc |
|
| 072 | 7 |
_aCOM051230 _2bisacsh |
|
| 072 | 7 |
_aUMZ _2thema |
|
| 082 | 0 | 4 |
_a005.1 _223 |
| 100 | 1 |
_aÖlveczky, Peter Csaba. _eauthor. _4aut _4http://id.loc.gov/vocabulary/relators/aut |
|
| 245 | 1 | 0 |
_aDesigning Reliable Distributed Systems _h[electronic resource] : _bA Formal Methods Approach Based on Executable Modeling in Maude / _cby Peter Csaba Ölveczky. |
| 250 | _a1st ed. 2017. | ||
| 264 | 1 |
_aLondon : _bSpringer London : _bImprint: Springer, _c2017. |
|
| 300 |
_aXVIII, 313 p. 17 illus., 6 illus. in color. _bonline resource. |
||
| 336 |
_atext _btxt _2rdacontent |
||
| 337 |
_acomputer _bc _2rdamedia |
||
| 338 |
_aonline resource _bcr _2rdacarrier |
||
| 347 |
_atext file _bPDF _2rda |
||
| 490 | 1 |
_aUndergraduate Topics in Computer Science, _x1863-7310 |
|
| 520 | _aThis classroom-tested textbook provides an accessible introduction to the design, formal modeling, and analysis of distributed computer systems. The book uses Maude, a rewriting logic-based language and simulation and model checking tool, which offers a simple and intuitive modeling formalism that is suitable for modeling distributed systems in an attractive object-oriented and functional programming style. Topics and features: Introduces classical algebraic specification and term rewriting theory, including reasoning about termination, confluence, and equational properties Covers object-oriented modeling of distributed systems using rewriting logic, as well as temporal logic to specify requirements that a system should satisfy Provides a range of examples and case studies from different domains, to help the reader to develop an intuitive understanding of distributed systems and their design challenges Examples include classic distributed systems such as transport protocols, cryptographic protocols, and distributed transactions, leader election, and mutual execution algorithms Contains a wealth of exercises, including larger exercises suitable for course projects, and supplies executable code and supplementary material at an associated website This self-contained textbook is designed to support undergraduate courses on formal methods and distributed systems, and will prove invaluable to any student seeking a reader-friendly introduction to formal specification, logics and inference systems, and automated model checking techniques. Dr. Peter Csaba Ölveczky is a Professor in the Department of Informatics at the University of Oslo, Norway. . | ||
| 650 | 0 | _aSoftware engineering. | |
| 650 | 0 | _aComputer simulation. | |
| 650 | 0 | _aMathematical logic. | |
| 650 | 0 | _aComputer communication systems. | |
| 650 | 1 | 4 |
_aSoftware Engineering. _0http://scigraph.springernature.com/things/product-market-codes/I14029 |
| 650 | 2 | 4 |
_aSimulation and Modeling. _0http://scigraph.springernature.com/things/product-market-codes/I19000 |
| 650 | 2 | 4 |
_aMathematical Logic and Formal Languages. _0http://scigraph.springernature.com/things/product-market-codes/I16048 |
| 650 | 2 | 4 |
_aComputer Communication Networks. _0http://scigraph.springernature.com/things/product-market-codes/I13022 |
| 710 | 2 | _aSpringerLink (Online service) | |
| 773 | 0 | _tSpringer eBooks | |
| 776 | 0 | 8 |
_iPrinted edition: _z9781447166863 |
| 776 | 0 | 8 |
_iPrinted edition: _z9781447166887 |
| 830 | 0 |
_aUndergraduate Topics in Computer Science, _x1863-7310 |
|
| 856 | 4 | 0 | _uhttps://doi.org/10.1007/978-1-4471-6687-0 |
| 912 | _aZDB-2-SCS | ||
| 999 |
_c452954 _d452954 |
||
| 942 | _cEB | ||
| 506 | _aAvailable to subscribing member institutions only. Доступно лише організаціям членам підписки. | ||
| 506 | _fOnline access from local network of NaUOA. | ||
| 506 | _fOnline access with authorization at https://link.springer.com/ | ||
| 506 | _fОнлайн-доступ з локальної мережі НаУОА. | ||
| 506 | _fОнлайн доступ з авторизацією на https://link.springer.com/ | ||